Il Vaticano Regio (Record no. 48084)

MARC details
000 -LEADER
campo de control de longitud fija 00598nam a22001815i 4500
001 - NÚMERO DE CONTROL
campo de control 48084
003 - IDENTIFICADOR DE NÚMERO DE CONTROL
campo de control ES-MaACL
005 - FECHA Y HORA DE LA ÚLTIMA TRANSACCIÓN
campo de control 20230906161706.0
007 - CAMPO FIJO DE DESCRIPCIÓN FÍSICA--INFORMACIÓN GENERAL
campo de control de longitud fija t|
008 - DATOS DE LONGITUD FIJA--INFORMACIÓN GENERAL
campo de control de longitud fija 981118s1883 it ||||1| ita d
040 ## - FUENTE DE CATALOGACIÓN
Centro catalogador/agencia de origen CAM
Lengua de catalogación spa
Centro/agencia transcriptor CCPB
100 1# - ENTRADA PRINCIPAL--NOMBRE DE PERSONA
Nombre de persona Curci, Carlo María.
9 (RLIN) 42200
245 13 - MENCIÓN DEL TÍTULO
Título Il Vaticano Regio
Resto del título : tarlo superstite della Chiesa Cattolica /
Mención de responsabilidad, etc. C. M. Curci.
260 ## - PUBLICACIÓN, DISTRIBUCIÓN, ETC.
Lugar de publicación, distribución, etc. Firenze ;
-- Roma :
Nombre del editor, distribuidor, etc. Fratelli Bencini Editori,
Fecha de publicación, distribución, etc. 1883.
300 ## - DESCRIPCIÓN FÍSICA
Extensión 338 p. ;
Dimensiones 22 cm.
546 ## - NOTA DE IDIOMA
Nota de lengua/lenguaje Texto italiano.
852 ## - LOCALIZACIÓN
Ubicación ES-MaACL
Número de control de estantería E-13073 (1)
Nota libre .- Legado M. de la Fuente
condición física . - Encuadernado con otra obra
Holdings
Estatus retirado Estado de pérdida Estado de daño No para préstamo Colección Biblioteca de origen Biblioteca actual Ubicación en estantería Fecha de adquisición Fuente de adquisición Total de préstamos Signatura topográfica completa Código de barras Visto por última vez Precio de reemplazo Tipo de ítem Koha
        Libros del s. XIX Biblioteca del Ateneo de Madrid Biblioteca del Ateneo de Madrid Depósito 2 17/01/2008     E-13073(1) 1050608 23/02/2023 23/02/2023 Libro impreso antiguo